Standard Practice for Calibration of Temperature Scale for Thermogravimetry. ASTM E1582 - 10

Salvato in:
Dettagli Bibliografici
Natura: Libro
Lingua:inglese
Pubblicazione: West Conshohocken : ASTM, [2010]
Tags: Aggiungi Tag
Nessun Tag, puoi essere il primo ad aggiungerne!!

MARC

LEADER 00000nam a22000003a 4500
001 stu256894
005 20141122152403.0
008 121107s2010----xxu-----------------eng-d
040 |a STU  |b slo 
041 0 |a eng 
044 |a xxu 
080 |a 620 
245 |a Standard Practice for Calibration of Temperature Scale for Thermogravimetry. ASTM E1582 - 10 
260 |a West Conshohocken :  |b ASTM,  |c [2010] 
300 |a 9 s 
996 |b 284M084107  |c M*N-1552-1  |l MMKN  |s A  |a 24  |w stu256894_0001